000 00651nam a2200193Ia 4500
005 20260415160334.0
008 008 250505s9999 xx 000 0 eng d
037 _aTextual
040 _aFEDL
_beng
_cFEDL
041 _aeng
_2eng
084 _a374.1 JEN
_qFEDL
100 _aJenkinson A J
_9755744
245 0 _aWhat do boys and girls read?: An investigation into reading habitswith some suggestion about the teaching of literature in secondary and senior schools
250 _a2
260 _aLondon, UK
_bMethuen and Co. Ltd.
_c1946
300 _ax,286p
942 _cTEXL
_h374.1 JEN
999 _c1321828
_d1321828